000 00580nam a2200217Ia 4500
005 20250425160730.0
008 250425s9999 xx 000 0 und d
041 _aspa
082 _a930.1866
100 _aPIANA BRUNO, LUIS
245 0 _aUNIDAD CULTURAL EN EL LITORAL MERIDIONAL ECUATORIANO
250 _a1A ED.
260 _aEcuador
_bESPOL CENTRO DE DIFUSION Y PUBLICACIONES
_c1997
260 _aGUAYAQUIL
300 _a260
650 _aARQUEOLOGIA-ECUADOR
650 _aCULTURAS PREHISPANICAS-ECUADOR
650 _aISLA JAMBELI
942 _c01
010 _a3735
999 _c195045
_d195045